00270nam a22000977a 4500003000400000082001900004100004100023245005700064260004300121300000800164SGT a891.4309bP20G aगुप्ता, श्याम  aप्रेरणा पुष्प भाग - 8  bएकल प्रकाशन c2020 a322